[Event "Mont de Marsan 20th"]
[Site "Mont de Marsan"]
[Date "2023.12.29"]
[Round "8"]
[White "Larkin, Vladislav"]
[Black "Serrier, Mathis"]
[Result "1-0"]
[WhiteElo "2490"]
[BlackElo "2021"]
[PlyCount "49"]
[EventDate "2023.12.26"]
[EventType "swiss"]
[EventRounds "9"]
[EventCountry "FRA"]
[SourceTitle "CBM 217 Extra"]
[Source "ChessBase"]
[SourceDate "2024.01.31"]
[SourceVersion "1"]
[SourceVersionDate "2024.01.31"]
[SourceQuality "1"]

1. e4 e5 2. Bc4 Nf6 3. d3 Nc6 4. Nf3 Bc5 5. c3 a6 6. Nbd2 d6 7. Bb3 Ba7 8. 0-0 0-0 9. Re1 Ne7 10. Nf1 Ng6 11. Ng3 h6 12. h3 Re8 13. d4 c6 14. Bc2 Qc7 15. Be3 b5 16. Qd2 Be6 17. a4 Qe7 18. Nf5 Bxf5 19. exf5 e4 20. fxg6 exf3 21. Bxh6 Qd7 22. Bxg7 Kxg7 23. Qg5 Rxe1+ 24. Rxe1 Rg8 25. Bf5 1-0